Normal view
MARC view
Entry Personal Name
001 - CONTROL NUMBER
- control field: 1239944
003 - CONTROL NUMBER IDENTIFIER
- control field: OSt
005 - DATE AND TIME OF LATEST TRANSACTION
- control field: 20260514122701.0
008 - FIXED-LENGTH DATA ELEMENTS
- fixed length control field: 260514|| aca||aabn | a|a d
040 ## - CATALOGING SOURCE
- Original cataloging agency: OSt
- Transcribing agency: OSt
100 ## - HEADING--PERSONAL NAME
- Personal name: Dr.V.S.Randhawa
670 ## - SOURCE DATA FOUND
- Source citation: Work cat.: (OSt)1851620: Dr.Chennakeshava T 1239943, Clinico-Etiological Profile of Infections in Admitted Children with Complicated Severe Acute Malnutrition.
